Študenti a absolventi s iným ako slovenským štátnym občianstvom na slovenských vysokých školách (verejné vysoké školy, denné a doktorandské štúdium, roky 2001 až 2003)

Počet zahraničných študentov a absolventov denného a doktorandského štúdia. Porovnanie počtu zahraničných a slovenských študentov denného a doktorandského štúdia na verejných vysokých školách.

Bibliographic Details
Main Author: Hudecová, Martina (Author)
Format: Article
Language:Slovak
Subjects:

MARC

LEADER 00000nab a2200000 a 4500
001 vtls001514237
003 SK-MaSNL
005 20260304143611.0
008 250505s2004 xo 000 0 slo
035 |a SPKCL16564 
035 |a urn:nbn:sk:snk-ab1hso 
035 |a (urnnbn)urn:nbn:sk:snk:ar-003uku 
035 |a (uuid)386e6527-f735-40cd-b205-9e0066703cf9 
040 |a SNKBUCL  |b slo  |c SNKBUCL  |e AACR2 
041 0 |a slo 
044 |a xo  |c SK 
080 |a 378-054.6  |2 1981 
100 1 |a Hudecová, Martina  |4 aut  |9 842641 
245 1 0 |a Študenti a absolventi s iným ako slovenským štátnym občianstvom na slovenských vysokých školách (verejné vysoké školy, denné a doktorandské štúdium, roky 2001 až 2003)  |c Martina Hudecová 
520 |a Počet zahraničných študentov a absolventov denného a doktorandského štúdia. Porovnanie počtu zahraničných a slovenských študentov denného a doktorandského štúdia na verejných vysokých školách. 
650 0 7 |a zahraniční študenti  |2 snkbucl  |9 4199 
650 0 7 |a vysokoškolské štúdium  |2 snkbucl  |9 4044 
773 0 |t Academia  |g Roč. 15, č. 2 (2004) s. 44-47 
850 |a Slovenská národná knižnica 
852 |a Slovenská národná knižnica 
954 |a odborná, vedecká literatúra pôvodná (slovenská)  |2 lita 
958 |a article 
958 |a OND 
999 |c 2926439  |d 2928369